| 000 | 00627pam a2200205 4500 | ||
|---|---|---|---|
| 001 | 2088 | ||
| 005 | 20181127164533.0 | ||
| 008 | 970501s1998 mau b 001 0 eng | ||
| 010 | _a 97020362 | ||
| 020 | _a0205268323 | ||
| 100 | 1 | _aGilliland, Burl E. | |
| 245 | 1 | 0 |
_aTheories and strategies in counseling and psychotherapy / _cBurl E. Gilliland, Richard K. James. |
| 250 | _a4th ed. | ||
| 260 |
_aBoston : _bAllyn and Bacon, _c1998. |
||
| 300 |
_axi, 436 p. ; _c24 cm. |
||
| 504 | _aIncludes bibliographical references and index. | ||
| 650 | 0 | _aCounseling. | |
| 650 | 0 | _aPsychotherapy. | |
| 700 | 1 |
_aJames, Richard K., _d1942- |
|
| 999 |
_c1636 _d1636 |
||